Manifest your destiny : (Record no. 4943)

MARC details
000 -LEADER
fixed length control field 00637nam a22001817a 4500
003 - CONTROL NUMBER IDENTIFIER
control field OSt
005 - DATE AND TIME OF LATEST TRANSACTION
control field 20251021012509.0
008 - FIXED-LENGTH DATA ELEMENTS--GENERAL INFORMATION
fixed length control field 251021b |||||||| |||| 00| 0 eng d
020 ## - INTERNATIONAL STANDARD BOOK NUMBER
International Standard Book Number 0-06-109494-3
040 ## - CATALOGING SOURCE
Original cataloging agency DWCl-Main lib
Transcribing agency OC
082 ## - DEWEY DECIMAL CLASSIFICATION NUMBER
Classification number Circ. 291.4 D996 1999
100 ## - MAIN ENTRY--PERSONAL NAME
Personal name Dyer, W.
245 ## - TITLE STATEMENT
Title Manifest your destiny :
Remainder of title The nine spiritual principles for getting everything you want
Statement of responsibility, etc. DYER , DR. WAYNE W.
260 ## - PUBLICATION, DISTRIBUTION, ETC.
Place of publication, distribution, etc. New York :
Name of publisher, distributor, etc. Harper Paperbacks,
Date of publication, distribution, etc. c1999
300 ## - PHYSICAL DESCRIPTION
Extent xvii, 217 pages :
Dimensions 17 cm.
650 ## - SUBJECT ADDED ENTRY--TOPICAL TERM
Source of heading or term Success-religious
942 ## - ADDED ENTRY ELEMENTS (KOHA)
Source of classification or shelving scheme Dewey Decimal Classification
Koha item type Book Circulation
Classification part Circ. 291.4 D996 1999
Call number prefix Circ.
Suppress in OPAC No
952 ## - LOCATION AND ITEM INFORMATION (KOHA)
--
952 ## - LOCATION AND ITEM INFORMATION (KOHA)
--
Holdings
Withdrawn status Lost status Source of classification or shelving scheme Damaged status Not for loan Home library Current library Shelving location Date acquired Source of acquisition Total Checkouts Full call number Barcode Date last seen Copy number Price effective from Koha item type Uniform Resource Identifier
    Dewey Decimal Classification     College Library College Library Circulation 12/16/2005 Donation   Circ. 291.4 D996 1999 42599 10/21/2025 c1 10/21/2025 BK-CIRC
    Dewey Decimal Classification     College Library College Library   10/21/2025         10/21/2025   10/21/2025 BK-CIRC